[Event "C.P.A. Zevio 2019"]
[Site "?"]
[Date "2019.01.26"]
[Round "3.11"]
[White "Antolini, Aldo"]
[Black "Pieropan, Giorgio"]
[Result "0-1"]
[WhiteElo "1541"]
[BlackElo "1786"]
[PlyCount "164"]
[EventDate "2019.??.??"]

1. d4 d5 2. c4 e6 3. e3 Nf6 4. Nf3 Nbd7 5. Be2 a6 6. O-O dxc4 7. Bxc4 b5 8. Be2
Bb7 9. a3 c5 10. dxc5 Nxc5 11. Nc3 Qxd1 12. Rxd1 Nb3 13. Rb1 Rc8 14. Nd2 Nxd2
15. Bxd2 Be7 16. Rbc1 O-O 17. Na2 Rfd8 18. Rxc8 Rxc8 19. Rc1 Rxc1+ 20. Nxc1 Ne4
21. Be1 Bf6 22. Nd3 Nd6 23. Bb4 Ne8 24. Nc5 Bc8 25. b3 Nc7 26. Ba5 Be7 27. Bxc7
Bxc5 28. b4 Be7 29. Be5 Bb7 30. f3 f6 31. Bb2 Kf7 32. e4 h5 33. g3 g6 34. Kf2
Bd8 35. Bc1 Bc7 36. Bb2 Bb6+ 37. Kf1 Be3 38. h3 f5 39. Bd3 fxe4 40. Bxe4 Bxe4
41. fxe4 Bb6 42. Ke2 g5 43. Kf3 Bc7 44. Bc1 Kg6 45. Bb2 Bb6 46. Bc3 Bc7 47. Bb2
Kf7 48. Bc1 Bd8 49. Bb2 Ke7 50. Ke3 Bb6+ 51. Bd4 Bc7 52. Kf3 Kf7 53. Be3 Bd8
54. Bc1 Bf6 55. Ke3 Bc3 56. Kf3 Kg6 57. g4 Be5 58. Ke2 Bf4 59. Bb2 hxg4 60.
hxg4 Kf7 61. Kd3 Ke7 62. Kd4 Kd6 63. Kd3 Kc6 64. Kd4 Kb6 65. Kd3 a5 66. Bd4+
Ka6 67. Kc2 a4 68. Bb2 Kb6 69. Kd3 Kc6 70. Kd4 Kd6 71. Kd3 Bg3 72. Ke3 Be5 73.
Bxe5+ Kxe5 74. Kd3 Kf4 75. Kd4 Kxg4 76. Kc5 Kf3 77. Kxb5 g4 78. Ka6 g3 79. b5
g2 80. b6 g1=Q 81. b7 Qg8 82. Ka7 Kxe4 0-1

[Event "C.P.A. Zevio 2019"]
[Site "?"]
[Date "2019.01.26"]
[Round "3.12"]
[White "Passon, Stefano"]
[Black "Biasiolo, Michele"]
[Result "1/2-1/2"]
[WhiteElo "1738"]
[BlackElo "1570"]
[PlyCount "94"]
[EventDate "2019.??.??"]

1. d4 b6 2. e4 Bb7 3. Bd3 e6 4. Nc3 Ne7 5. Nf3 Ng6 6. h4 h5 7. Bg5 f6 8. e5 Kf7
9. Qe2 Be7 10. Bd2 f5 11. Bg5 Bxf3 12. Qxf3 c6 13. Bxe7 Nxe7 14. Ne4 Kg8 15.
Ng5 Qf8 16. c4 a5 17. O-O-O Na6 18. a3 Nc7 19. Qe2 Rb8 20. f3 g6 21. Rdf1 f4
22. g4 b5 23. Ne4 Kg7 24. gxh5 bxc4 25. Bxc4 Nf5 26. Rfg1 Ng3 27. Nxg3 fxg3 28.
Qe3 Rxh5 29. Rxg3 Nd5 30. Bxd5 cxd5 31. Rhg1 Rc8+ 32. Kb1 Rh6 33. Rg5 Rb8 34.
h5 Kh7 35. Qd3 a4 36. Rxg6 Qf5 37. Qxf5 exf5 38. Rg7+ Kh8 39. Rxd7 Rxh5 40. Rg2
f4 41. Rxd5 Rb3 42. Rd8+ Kh7 43. e6 Re3 44. Rd7+ Kh8 45. e7 Rxe7 46. Rxe7 Rh1+
47. Ka2 Ra1+ 1/2-1/2

[Event "C.P.A. Zevio 2019"]
[Site "?"]
[Date "2019.01.26"]
[Round "3.13"]
[White "Bonavigo, Claudio"]
[Black "Gemma, Stefano"]
[Result "0-1"]
[WhiteElo "1730"]
[BlackElo "1566"]
[PlyCount "82"]
[EventDate "2019.??.??"]

1. e4 e5 2. Nf3 Nc6 3. d4 exd4 4. Nxd4 Nxd4 5. Qxd4 d6 6. Nc3 Nf6 7. Be2 Be7 8.
Bf4 Bd7 9. O-O O-O 10. Rad1 Bc6 11. f3 Re8 12. Bb5 Bxb5 13. Nxb5 a6 14. Nc3 Qc8
15. a3 Rd8 16. Rfe1 Qd7 17. Qf2 Qc6 18. Nd5 Nxd5 19. exd5 Qd7 20. g4 Bf6 21. c3
g6 22. Qd2 Re8 23. Bg5 Bxg5 24. Qxg5 Rxe1+ 25. Rxe1 Re8 26. Qd2 Re7 27. Kg2 Qe8
28. Rxe7 Qxe7 29. c4 Qe5 30. b4 Kg7 31. c5 b6 32. cxb6 cxb6 33. a4 b5 34. axb5
axb5 35. Kh3 h5 36. g5 f6 37. gxf6+ Kxf6 38. Kg2 Qg5+ 39. Qxg5+ Kxg5 40. Kf2
Kf4 41. h4 g5 0-1

[Event "C.P.A. Zevio 2019"]
[Site "?"]
[Date "2019.01.26"]
[Round "3.14"]
[White "Nuzzo, Michele"]
[Black "Pisani, Valerio"]
[Result "0-1"]
[WhiteElo "1346"]
[BlackElo "1713"]
[PlyCount "66"]
[EventDate "2019.??.??"]

1. d4 Nf6 2. Nc3 d5 3. Nf3 Bf5 4. e3 e6 5. Bd3 Bg6 6. O-O c6 7. Bxg6 hxg6 8.
Re1 Nbd7 9. e4 dxe4 10. Nxe4 Nxe4 11. Rxe4 Nf6 12. Rh4 Rxh4 13. Nxh4 Qd5 14.
Nf3 O-O-O 15. Bg5 Bd6 16. c3 Rh8 17. h3 Ne4 18. Be3 f5 19. b3 Nxc3 20. Qc2 Ne4
21. Qc4 f4 22. Bd2 Qf5 23. Re1 Re8 24. Qd3 Nxd2 25. Qxf5 Nxf3+ 26. gxf3 gxf5
27. Kg2 Kd7 28. Rh1 e5 29. dxe5 Rxe5 30. Rd1 Re2 31. a4 Ke6 32. Kf1 Rb2 33. Rd3
Bc5 0-1

[Event "C.P.A. Zevio 2019"]
[Site "?"]
[Date "2019.01.26"]
[Round "3.15"]
[White "Zonta, Riccardo"]
[Black "Leone, Cataldo"]
[Result "1/2-1/2"]
[WhiteElo "1542"]
[BlackElo "1551"]
[PlyCount "99"]
[EventDate "2019.??.??"]

1. e4 e5 2. Bc4 Nf6 3. d4 exd4 4. Nf3 Bc5 5. e5 d5 6. exf6 dxc4 7. Qe2+ Be6 8.
fxg7 Rg8 9. Bg5 Qd5 10. Bf6 Nd7 11. Bh4 Rxg7 12. Bg3 O-O-O 13. O-O Bg4 14. Nbd2
Nf6 15. Qe5 Qxe5 16. Nxe5 d3 17. cxd3 cxd3 18. Rac1 Bb6 19. Nec4 Nd5 20. Nxb6+
axb6 21. Rfe1 Be2 22. Rc4 f5 23. Be5 Rf7 24. Rec1 Rdd7 25. f4 Nf6 26. Bxf6 Rxf6
27. Kf2 Kd8 28. Ra4 Ke7 29. Rac4 c6 30. Re1 Re6 31. Ra4 c5 32. Ra8 Rc7 33. Rh8
Kd6 34. Nc4+ Kc6 35. Ne5+ Kb5 36. Nxd3 Rce7 37. Ne5 Bc4 38. a3 Ka4 39. Re3 Ba6
40. Rd8 b5 41. Rd1 b4 42. axb4 Kxb4 43. Ra1 c4 44. Rea3 Rd6 45. Ra4+ Kb3 46.
R1a3+ Kc2 47. Nxc4 Bxc4 48. Rxc4+ Kxb2 49. Rcc3 Rd2+ 50. Kf3 1/2-1/2

[Event "C.P.A. Zevio 2019"]
[Site "?"]
[Date "2019.01.26"]
[Round "3.16"]
[White "Pompele, Andrea"]
[Black "Trigili, Franco"]
[Result "1/2-1/2"]
[WhiteElo "1519"]
[BlackElo "1473"]
[PlyCount "131"]
[EventDate "2019.??.??"]

1. e4 b6 2. d4 Bb7 3. d5 Nf6 4. Bd3 e6 5. c4 exd5 6. cxd5 c6 7. Nc3 cxd5 8. Bg5
dxe4 9. Bxe4 Bxe4 10. Nxe4 Bb4+ 11. Nd2 O-O 12. Ne2 Re8 13. O-O d5 14. Nd4 h6
15. Bf4 Bd6 16. Bg3 Ne4 17. Bxd6 Nxd6 18. Qf3 Ne4 19. N2b3 a5 20. a4 Ra7 21.
Rac1 Qf6 22. Qd3 g6 23. Qb5 Rd8 24. Rfe1 Rad7 25. Re2 Qd6 26. Rce1 Rc8 27. f3
Nf6 28. Re5 Kf8 29. R1e2 Re8 30. Rxe8+ Nxe8 31. Rc2 Re7 32. Rc8 Qe5 33. Qf1
Qe3+ 34. Qf2 Na6 35. Qxe3 Rxe3 36. Kf2 Re7 37. Rd8 Nac7 38. Nc6 Re6 39. Nbd4
Rd6 40. Rc8 Ne6 41. Nb5 Rd7 42. Nb8 Rd8 43. Rxd8 Nxd8 44. Nd7+ Ke7 45. Nxb6 Nf6
46. Nd4 Kd6 47. Ke3 Kc5 48. Nc8 Ne6 49. Nxe6+ fxe6 50. Ne7 g5 51. b3 Kb4 52.
Nc6+ Kxb3 53. Nxa5+ Kxa4 54. Nc6 Kb5 55. Nd4+ Kc4 56. Nxe6 Nh5 57. g3 Nf6 58.
Nd4 Kc3 59. h3 h5 60. g4 hxg4 61. hxg4 Nh7 62. Ne6 Kc4 63. f4 gxf4+ 64. Kxf4 d4
65. Nxd4 Kxd4 66. Kf5 1/2-1/2

[Event "C.P.A. Zevio 2019"]
[Site "?"]
[Date "2019.01.26"]
[Round "3.17"]
[White "Faccia, Augusto"]
[Black "Adami, Antonio"]
[Result "0-1"]
[WhiteElo "1440"]
[BlackElo "1787"]
[PlyCount "88"]
[EventDate "2019.??.??"]

1. Nf3 Nf6 2. g3 g6 3. Bg2 Bg7 4. O-O O-O 5. d3 c6 6. c3 d6 7. Bg5 h6 8. Bxf6
Bxf6 9. Re1 Nd7 10. Nbd2 Rb8 11. Qc2 b5 12. d4 c5 13. e3 Nb6 14. b3 c4 15. Ne4
Bg7 16. Ned2 Qc7 17. Re2 Bd7 18. Rae1 Rfc8 19. Nb1 Bc6 20. e4 Bd7 21. e5 Bf5
22. exd6 Qxd6 23. Qc1 e6 24. Qb2 Bd3 25. Rd2 f6 26. Na3 a6 27. Nc2 Nd5 28. Ne3
b4 29. Nxd5 exd5 30. Rc1 h5 31. Ne1 Bh6 32. f4 Bf5 33. Re2 g5 34. Rf2 gxf4 35.
Qd2 fxg3 36. Qxh6 gxf2+ 37. Kxf2 cxb3 38. axb3 Rxc3 39. Rxc3 bxc3 40. Qc1 Rxb3
41. Bf1 Qxh2+ 42. Bg2 Be4 43. Kf1 Bxg2+ 44. Nxg2 Qh1+ 0-1

[Event "C.P.A. Zevio 2019"]
[Site "?"]
[Date "2019.01.26"]
[Round "3.18"]
[White "Bonini, Roberto"]
[Black "Venturini, Valter"]
[Result "1-0"]
[WhiteElo "1785"]
[BlackElo "1249"]
[PlyCount "89"]
[EventDate "2019.??.??"]

1. e4 c5 2. Nf3 e6 3. d3 Be7 4. g3 d6 5. Bg2 Nd7 6. O-O Ngf6 7. Nc3 Nf8 8. e5
dxe5 9. Nxe5 a6 10. Be3 Qc7 11. f4 Rb8 12. a4 N8d7 13. Ng4 b6 14. f5 exf5 15.
Bf4 Qd8 16. Nxf6+ Bxf6 17. Re1+ Kf8 18. Bd6+ Kg8 19. Qe2 g6 20. Bxb8 Nxb8 21.
Qe8+ Qxe8 22. Rxe8+ Kg7 23. Rae1 Be6 24. Rxh8 Kxh8 25. Bd5 Bxc3 26. bxc3 Bd7
27. Bb3 Kg7 28. d4 cxd4 29. cxd4 Nc6 30. c3 Na5 31. Bd5 Bxa4 32. Re7 Kh6 33.
Rxf7 Bb3 34. Bxb3 Nxb3 35. Rf6 Nc1 36. Rxb6 Ne2+ 37. Kf2 Nxc3 38. Rxa6 Ne4+ 39.
Ke3 Kg5 40. Ra7 Nf6 41. h3 Nd5+ 42. Kf3 Nf6 43. Rf7 h6 44. h4+ Kh5 45. Rxf6 1-0

[Event "C.P.A. Zevio 2019"]
[Site "?"]
[Date "2019.01.26"]
[Round "3.19"]
[White "Rossero, Tullio"]
[Black "Gallo, Fausto"]
[Result "1-0"]
[WhiteElo "1721"]
[BlackElo "1529"]
[PlyCount "63"]
[EventDate "2019.??.??"]

1. d4 Nf6 2. c4 g6 3. Nc3 Bg7 4. e4 d6 5. Nge2 O-O 6. Ng3 Nbd7 7. Be2 c5 8. d5
Nb6 9. h4 Ne8 10. h5 e5 11. Bd3 Bd7 12. a4 a5 13. Qe2 Qe7 14. Be3 Nf6 15. f3
Qe8 16. b3 Nc8 17. Qd2 Ne7 18. Bh6 Qd8 19. Bxg7 Kxg7 20. f4 Bg4 21. fxe5 dxe5
22. Qg5 Neg8 23. Qxe5 Qb8 24. Qxb8 Raxb8 25. hxg6 fxg6 26. Kd2 Nh5 27. Nxh5+
Bxh5 28. Rhf1 Nf6 29. e5 Ng4 30. e6 g5 31. Ne4 Bg6 32. Nxc5 1-0

[Event "C.P.A. Zevio 2019"]
[Site "?"]
[Date "2019.01.26"]
[Round "3.20"]
[White "Mattavelli, Italo"]
[Black "Gasparini, Marco"]
[Result "1-0"]
[WhiteElo "1705"]
[BlackElo "1416"]
[PlyCount "97"]
[EventDate "2019.??.??"]

1. e4 e5 2. Nf3 Nc6 3. Bb5 d6 4. O-O Bg4 5. c3 Nf6 6. Re1 a6 7. Ba4 b5 8. Bb3
b4 9. d3 h6 10. Nbd2 a5 11. Nf1 d5 12. exd5 Nxd5 13. h3 Bxf3 14. Qxf3 Nce7 15.
Rxe5 c6 16. Bd2 f6 17. Ree1 Kf7 18. Ng3 a4 19. Bc2 a3 20. bxa3 bxc3 21. Be3
Rxa3 22. Bc5 Ra5 23. d4 Ng6 24. Bxg6+ Kxg6 25. Qh5+ Kh7 26. Re8 g6 27. Rxd8
gxh5 28. Rxf8 Rxf8 29. Bxf8 Rb5 30. Ba3 c2 31. Rc1 Rb1 32. Ne2 Kg6 33. g3 Kf5
34. Kg2 Rxc1 35. Nxc1 Ke4 36. Bc5 f5 37. a4 h4 38. a5 hxg3 39. fxg3 Ke3 40. a6
Kd2 41. Ba3 Nc7 42. a7 Ke3 43. Bd6 Na8 44. Be5 h5 45. h4 Kd2 46. Bf4+ Kc3 47.
Be3 Nc7 48. Kf3 Kb2 49. Bd2 1-0

[Event "C.P.A. Zevio 2019"]
[Site "?"]
[Date "2019.01.27"]
[Round "4.1"]
[White "Vincenzi, Marco"]
[Black "Bertani, Gianfranco"]
[Result "1-0"]
[WhiteElo "2069"]
[BlackElo "1961"]
[PlyCount "95"]
[EventDate "2019.??.??"]

1. d4 d5 2. c4 e6 3. Nf3 f5 4. Nc3 Nf6 5. g3 c6 6. Bg2 Bd6 7. O-O O-O 8. Qc2
Qe8 9. Rb1 Qh5 10. b4 Ne4 11. b5 Nd7 12. bxc6 bxc6 13. cxd5 exd5 14. Nxe4 fxe4
15. Qxc6 Rb8 16. Rxb8 Bxb8 17. Ba3 Re8 18. Rc1 Nf6 19. Qxc8 Rxc8 20. Rxc8+ Kf7
21. Rxb8 exf3 22. Bxf3 Qf5 23. Bd6 a5 24. Rb7+ Ke6 25. Bc5 Nd7 26. Ba7 Kd6 27.
Rb5 Nf6 28. Rxa5 Qb1+ 29. Kg2 g5 30. Bc5+ Ke6 31. Ra6+ Kf7 32. Ra7+ Kg8 33. Be7
g4 34. Bxf6 gxf3+ 35. exf3 h5 36. h4 Kf8 37. Be5 Qb6 38. Rh7 Qg6 39. Rg7 Qa6
40. Rg5 Qxa2 41. Rxh5 Kf7 42. Rg5 Qd2 43. Rg7+ Kf8 44. Rd7 Qa2 45. h5 Ke8 46.
Rd6 Kf7 47. h6 Kg8 48. Rd7 1-0

[Event "C.P.A. Zevio 2019"]
[Site "?"]
[Date "2019.01.27"]
[Round "4.2"]
[White "Zanchetta, Nicola"]
[Black "Conati, Kevin"]
[Result "1-0"]
[WhiteElo "2018"]
[BlackElo "1649"]
[PlyCount "94"]

1. e4 c5 2. Nc3 Nc6 3. d3 g6 4. Be3 d6 5. d4 cxd4 6. Bxd4 Nxd4 7. Qxd4 e5 8.
Qd5 a6 9. Bc4 Qc7 10. Bb3 Be6 11. Qd3 Bxb3 12. axb3 Nf6 13. Nge2 Be7 14. O-O
O-O 15. Kh1 Rac8 16. f4 Qc6 17. f5 Rfd8 18. Qf3 b5 19. b4 g5 20. Ng3 d5 21.
exd5 Nxd5 22. Nxd5 Qxd5 23. Qxd5 Rxd5 24. c3 Rc6 25. Ne4 f6 26. Kg1 Kf7 27. Kf2
Ke8 28. Rfd1 Rd7 29. g4 Kd8 30. Ke3 Kc7 31. h4 h6 32. hxg5 hxg5 33. Rh1 Bd8 34.
Nc5 Rdd6 35. Rh8 Kb8 36. Nxa6+ Rxa6 37. Rxd8+ Kb7 38. Rxa6 Rxa6 39. Ke4 Ra2 40.
Rd7+ Kc8 41. Rd2 Kc7 42. Kd5 Ra1 43. Re2 Kd7 44. Kc5 Rg1 45. Re4 Rg2 46. b3 Rg3
47. c4 Rf3 1-0

[Event "C.P.A. Zevio 2019"]
[Site "?"]
[Date "2019.01.27"]
[Round "4.3"]
[White "Malni, Riccardo"]
[Black "Benedetti, Maurizio"]
[Result "1/2-1/2"]
[WhiteElo "1957"]
[BlackElo "1617"]
[PlyCount "101"]
[EventDate "2019.??.??"]

1. Nf3 c5 2. g3 Nc6 3. Bg2 Nf6 4. O-O d5 5. d3 e5 6. Nbd2 Be7 7. e4 dxe4 8.
dxe4 O-O 9. c3 Qc7 10. Qe2 Bg4 11. h3 Be6 12. Ng5 Bd7 13. a4 h6 14. Ngf3 Be6
15. Nc4 a6 16. Nh4 Rfe8 17. Ne3 Na5 18. Nhf5 Bf8 19. g4 Nb3 20. Rb1 Rad8 21. h4
Nxc1 22. Rbxc1 Rd7 23. g5 hxg5 24. hxg5 Nh7 25. Nh4 Nxg5 26. Qh5 f6 27. Ng6 Nf7
28. f4 exf4 29. Nxf4 Qe5 30. Qxe5 Nxe5 31. Nxe6 Rxe6 32. Bh3 Kf7 33. Bxe6+ Kxe6
34. Rcd1 Rc7 35. Nd5 Rc6 36. Kg2 c4 37. Nf4+ Ke7 38. Rd2 g5 39. Ne2 Nd3 40. Rh1
Rb6 41. Rh7+ Ke6 42. a5 Rd6 43. Nd4+ Ke5 44. Rxb7 Kxe4 45. Rb6 Nc5 46. Re2+ Kd5
47. Re8 Rxb6 48. axb6 Nd7 49. b7 Bd6 50. Rd8 Nc5 51. b8=Q 1/2-1/2

[Event "C.P.A. Zevio 2019"]
[Site "?"]
[Date "2019.01.27"]
[Round "4.4"]
[White "De Santis, Alessio"]
[Black "Fusa, Nicola"]
[Result "1-0"]
[WhiteElo "2283"]
[BlackElo "1634"]
[PlyCount "123"]
[EventDate "2019.??.??"]

1. Nf3 d5 2. c4 d4 3. d3 c5 4. b4 cxb4 5. a3 bxa3 6. Bxa3 Nc6 7. g3 g6 8. Bg2
Bg7 9. O-O Nh6 10. Nbd2 O-O 11. Qa4 Bd7 12. Rfb1 Rb8 13. Ng5 Qc8 14. Bc1 Nf5
15. Nde4 b6 16. Qa6 Qxa6 17. Rxa6 h6 18. Nf3 Rfe8 19. Bf4 e5 20. Bc1 Red8 21.
Ne1 Bc8 22. Ra2 Bb7 23. Nc2 Ba8 24. Bd2 Nfe7 25. Bc1 f5 26. Nd2 Kh7 27. Ba3 Bf6
28. Bxe7 Nxe7 29. Rxa7 Bxg2 30. Kxg2 Kg8 31. Nb4 Ra8 32. Rba1 Rxa7 33. Rxa7 Kf8
34. Rb7 Rd6 35. Nb1 Ke8 36. Na3 Nc8 37. Nb5 Rd7 38. Rb8 Rd8 39. Nc6 Kd7 40.
Nxd8 Bxd8 41. Rb7+ Kc6 42. Rh7 h5 43. Na7+ Nxa7 44. Rxa7 Kd6 45. Rg7 g5 46.
Rg6+ Kc5 47. Rh6 e4 48. Rxh5 exd3 49. exd3 b5 50. cxb5 Kxb5 51. f4 gxf4 52.
Rxf5+ Kb4 53. Rf8 Ba5 54. Ra8 Bc7 55. Rc8 Be5 56. Rc4+ Kb3 57. gxf4 Bxf4 58.
Rxd4 Bh6 59. Rc4 Be3 60. Kf3 Bg5 61. h4 Bh6 62. h5 1-0

[Event "C.P.A. Zevio 2019"]
[Site "?"]
[Date "2019.01.27"]
[Round "4.5"]
[White "Luciani, Valerio"]
[Black "Modena, Giorgio"]
[Result "1-0"]
[WhiteElo "2165"]
[BlackElo "1887"]
[PlyCount "111"]
[EventDate "2019.??.??"]

1. d4 d5 2. c4 c6 3. Nc3 Nf6 4. cxd5 cxd5 5. Bf4 e6 6. e3 a6 7. Bd3 Nc6 8. Rc1
Bd6 9. Bxd6 Qxd6 10. f4 b5 11. Nf3 Bd7 12. O-O b4 13. Na4 Ne4 14. Nb6 Ra7 15.
Nxd7 Qxd7 16. Qc2 Ne7 17. Ne5 Qb7 18. Qa4+ Kf8 19. Nc6 Nxc6 20. Rxc6 g6 21.
Rfc1 Kg7 22. Bxe4 dxe4 23. Qc2 Rd8 24. Qxe4 Qe7 25. Qe5+ Qf6 26. Qxf6+ Kxf6 27.
R1c5 a5 28. Rb5 Ke7 29. Rcc5 Rdd7 30. Kf2 Rdb7 31. Rxa5 Rxa5 32. Rxa5 Rc7 33.
Rc5 Ra7 34. Rb5 Rxa2 35. Rxb4 h6 36. Rb7+ Kf6 37. Kf3 Ra1 38. Rc7 Rf1+ 39. Ke2
Rg1 40. Kf2 Rb1 41. Rc2 Kf5 42. Kf3 h5 43. e4+ Kf6 44. Rd2 Rf1+ 45. Ke3 Re1+
46. Kd3 h4 47. Re2 Rc1 48. b4 Rf1 49. g3 Rf3+ 50. Re3 Rf2 51. b5 Rxh2 52. gxh4
Rxh4 53. b6 Rh8 54. Kc4 Ke7 55. Kb5 Kd7 56. Rc3 1-0

[Event "C.P.A. Zevio 2019"]
[Site "?"]
[Date "2019.01.27"]
[Round "4.6"]
[White "Pisani, Valerio"]
[Black "Fratton, Zeno"]
[Result "0-1"]
[WhiteElo "1713"]
[BlackElo "2052"]
[PlyCount "64"]
[EventDate "2019.??.??"]

1. d4 Nf6 2. Nf3 e6 3. c4 Bb4+ 4. Nc3 b6 5. Bg5 Bb7 6. e3 h6 7. Bh4 Bxc3+ 8.
bxc3 d6 9. Bd3 Nbd7 10. O-O e5 11. Bc2 Qe7 12. d5 O-O 13. e4 a5 14. h3 Nc5 15.
Qe2 Ba6 16. Nh2 g5 17. Bg3 Bc8 18. Ng4 Bxg4 19. hxg4 Qd7 20. f3 h5 21. Qe3 Nh7
22. gxh5 Kh8 23. Be1 g4 24. f4 Rae8 25. f5 Rg8 26. Bh4 f6 27. Qh6 Qg7 28. Qg6
Qf8 29. Qxg8+ Kxg8 30. Bd1 Qg7 31. Re1 Kf7 32. Re3 Rg8 0-1

[Event "C.P.A. Zevio 2019"]
[Site "?"]
[Date "2019.01.27"]
[Round "4.7"]
[White "Faccia, Sergio"]
[Black "Pieropan, Giorgio"]
[Result "1-0"]
[WhiteElo "1977"]
[BlackElo "1786"]
[PlyCount "59"]
[EventDate "2019.??.??"]

1. e4 d5 2. exd5 Qxd5 3. Nc3 Qd8 4. d4 Nf6 5. Bc4 Bg4 6. f3 Bh5 7. Nge2 e6 8.
O-O c6 9. Ng3 Bg6 10. f4 b5 11. Bb3 b4 12. Nce2 Bd6 13. f5 exf5 14. Nxf5 Bxf5
15. Rxf5 O-O 16. Bg5 Nbd7 17. Qd3 Qc7 18. h3 Nd5 19. c4 bxc3 20. bxc3 N5b6 21.
Raf1 Be7 22. Bd2 Bf6 23. Bc2 Rfe8 24. c4 Rxe2 25. Qxe2 Bxd4+ 26. Kh1 Nf6 27.
Qd3 Qd8 28. Rxf6 Bxf6 29. Qxh7+ Kf8 30. Re1 1-0

[Event "C.P.A. Zevio 2019"]
[Site "?"]
[Date "2019.01.27"]
[Round "4.8"]
[White "Negro, Raffaele"]
[Black "Magnabosco, Mauro Denis"]
[Result "1-0"]
[WhiteElo "1842"]
[BlackElo "1692"]
[PlyCount "69"]
[EventDate "2019.??.??"]

1. d4 Nf6 2. Bf4 e6 3. e3 c5 4. c3 d5 5. Nd2 Nc6 6. Ngf3 Bd6 7. Bg3 O-O 8. Bd3
Re8 9. Ne5 Qc7 10. f4 Rf8 11. Bh4 Be7 12. O-O Ne8 13. Bxe7 Qxe7 14. Rf3 f5 15.
Rh3 Nf6 16. Ndf3 Nxe5 17. dxe5 Ne4 18. Bxe4 dxe4 19. Ng5 h6 20. Qh5 Qe8 21. Qh4
Qe7 22. Rd1 Bd7 23. Rd6 Rad8 24. Nxe6 Qxh4 25. Rxh4 Bxe6 26. Rxe6 Rd2 27. g4
fxg4 28. Rxg4 Rfd8 29. f5 Rxb2 30. Rd6 Rxd6 31. exd6 Kf7 32. Rxe4 Rxa2 33. Re7+
Kf8 34. Rxb7 a5 35. Rb8+ 1-0

[Event "C.P.A. Zevio 2019"]
[Site "?"]
[Date "2019.01.27"]
[Round "4.9"]
[White "Gemma, Stefano"]
[Black "Biasiolo, Michele"]
[Result "0-1"]
[WhiteElo "1566"]
[BlackElo "1570"]
[PlyCount "80"]
[EventDate "2019.??.??"]

1. e4 e5 2. Nf3 Nc6 3. Bc4 Bc5 4. Nc3 Nf6 5. O-O O-O 6. h3 d6 7. Re1 Be6 8.
Bxe6 fxe6 9. Na4 Bb6 10. Nxb6 axb6 11. b3 Qe8 12. Bb2 Ne7 13. d4 exd4 14. Nxd4
Ng6 15. g3 Ra5 16. c4 Qf7 17. Qe2 Re5 18. f3 Nh5 19. Kh2 c5 20. Nb5 Rg5 21.
Nxd6 Qxf3 22. Qxf3 Rxf3 23. Rg1 Rf2+ 24. Rg2 Rxg2+ 25. Kxg2 Rxg3+ 26. Kh2 Rd3
27. Rg1 Rxd6 28. Rg2 Nhf4 29. Rf2 Rd3 30. Bc1 Rxh3+ 31. Kg1 Nd3 32. Rc2 Nxc1
33. Rxc1 Re3 34. Rd1 Rxe4 35. Rd7 Re2 36. Rxb7 Rxa2 37. Rxb6 Kf7 38. Rc6 Rb2
39. Rxc5 Rxb3 40. Kf2 Kf6 0-1

[Event "C.P.A. Zevio 2019"]
[Site "?"]
[Date "2019.01.27"]
[Round "4.10"]
[White "Passon, Stefano"]
[Black "Leone, Cataldo"]
[Result "1-0"]
[WhiteElo "1738"]
[BlackElo "1551"]
[PlyCount "75"]
[EventDate "2019.??.??"]

1. d4 d5 2. Nf3 Nf6 3. e3 c6 4. Bd3 Bg4 5. Nc3 Nbd7 6. b3 Qc7 7. Bb2 e5 8. dxe5
Nxe5 9. Be2 Bd6 10. h3 Nxf3+ 11. gxf3 Be6 12. Qd2 O-O-O 13. O-O-O Qa5 14. Kb1
Kb8 15. Na4 Qxd2 16. Rxd2 Be7 17. Be5+ Bd6 18. Bd4 h5 19. Nc5 Bf5 20. Rdd1 Rhe8
21. Rdg1 Rg8 22. Rg5 Bg6 23. Rhg1 b6 24. Nd3 Nd7 25. f4 Be7 26. R5g2 c5 27. Bb2
c4 28. Ne5 cxb3 29. axb3 Nxe5 30. Bxe5+ Kb7 31. Kb2 Rc8 32. c3 Bf6 33. Bxf6
gxf6 34. Bxh5 Bh7 35. Bxf7 Rgd8 36. Rg7 Rh8 37. Bxd5+ Ka6 38. Bb7+ 1-0

[Event "C.P.A. Zevio 2019"]
[Site "?"]
[Date "2019.01.27"]
[Round "4.11"]
[White "Marin, Alessandro"]
[Black "Vujicic, Luigi"]
[Result "1/2-1/2"]
[WhiteElo "1978"]
[BlackElo "1326"]
[PlyCount "80"]
[EventDate "2019.??.??"]

1. d4 Nf6 2. Nf3 g6 3. Bf4 Bg7 4. Nbd2 d5 5. e3 Bf5 6. Nh4 Bd7 7. Bd3 e6 8.
Nhf3 Nc6 9. c3 h6 10. Qc2 g5 11. Bg3 Nh5 12. O-O-O Nxg3 13. hxg3 Qe7 14. e4
O-O-O 15. Rhe1 Qd6 16. e5 Qe7 17. Nb3 Kb8 18. Kb1 a6 19. Nc5 Ka7 20. b4 Nb8 21.
Ka1 b6 22. Nxd7 Qxd7 23. Rb1 Bf8 24. Rb2 Kb7 25. Reb1 Ka7 26. Qe2 c6 27. a4 Qe7
28. Ra2 Qc7 29. Qb2 Rc8 30. Ra3 Kb7 31. Rb3 b5 32. Ra3 Qb6 33. Qe2 Kc7 34. Nd2
Kd7 35. Qf3 f5 36. exf6 a5 37. Qe3 axb4 38. cxb4 Na6 39. a5 Qd8 40. Re1 Qxf6
1/2-1/2

[Event "C.P.A. Zevio 2019"]
[Site "?"]
[Date "2019.01.27"]
[Round "4.12"]
[White "Bortolazzi, Michele"]
[Black "Casarotto, Michele"]
[Result "0-1"]
[WhiteElo "1921"]
[BlackElo "1657"]
[PlyCount "68"]
[EventDate "2019.??.??"]

1. e4 e5 2. Nf3 Nf6 3. Nc3 d6 4. d4 exd4 5. Nxd4 Be7 6. Be2 O-O 7. O-O Nbd7 8.
Nf5 Ne5 9. f4 Ng6 10. Nxe7+ Qxe7 11. Bf3 a6 12. b3 Re8 13. g3 Rb8 14. Ba3 Qd8
15. Qd4 c5 16. Qd2 b5 17. b4 a5 18. Bb2 axb4 19. Nd5 Nxd5 20. exd5 Bb7 21. c3
bxc3 22. Qxc3 f6 23. Rfd1 Qb6 24. a3 Re7 25. Bh5 Nh8 26. g4 Rf8 27. g5 fxg5 28.
Re1 c4+ 29. Kg2 Bxd5+ 30. Kh3 Qf2 31. Re2 Bg2+ 32. Kg4 Rxf4+ 33. Kxg5 Rf5+ 34.
Kg4 Qf4# 0-1

[Event "C.P.A. Zevio 2019"]
[Site "?"]
[Date "2019.01.27"]
[Round "4.13"]
[White "Adami, Antonio"]
[Black "Nuzzo, Michele"]
[Result "1-0"]
[WhiteElo "1787"]
[BlackElo "1346"]
[PlyCount "75"]
[EventDate "2019.??.??"]

1. d4 d5 2. Bf4 Nf6 3. e3 Bf5 4. c4 Nc6 5. Qb3 e6 6. c5 Rb8 7. Nc3 Be7 8. Nb5
Rc8 9. Nf3 Na5 10. Qa4 b6 11. Nd6+ Kf8 12. Nxc8 Qxc8 13. b4 Nb7 14. Qxa7 Nd8
15. Qxc7 Qxc7 16. Bxc7 bxc5 17. bxc5 Nc6 18. Bb5 Nb4 19. O-O Bd3 20. Bxd3 Nxd3
21. a4 g6 22. a5 Kg7 23. a6 Nb4 24. a7 Ra8 25. Rfb1 Nc6 26. Bb6 Nd7 27. Kf1 Kf6
28. Ke2 e5 29. dxe5+ Ndxe5 30. Nd4 Nxd4+ 31. exd4 Nc6 32. Kd3 Kf5 33. Ra4 Bf6
34. Re1 Kf4 35. Re3 h5 36. Rf3+ Kg5 37. h4+ Kxh4 38. Rxf6 1-0

[Event "C.P.A. Zevio 2019"]
[Site "?"]
[Date "2019.01.27"]
[Round "4.14"]
[White "Bonini, Roberto"]
[Black "Mattavelli, Italo"]
[Result "1/2-1/2"]
[WhiteElo "1785"]
[BlackElo "1705"]
[PlyCount "87"]
[EventDate "2019.??.??"]

1. e4 c5 2. Nf3 e6 3. d3 Nc6 4. g3 d6 5. Bg2 Nf6 6. a4 Be7 7. O-O a6 8. Nc3 Bd7
9. d4 cxd4 10. Nxd4 Nxd4 11. Qxd4 Bc6 12. Be3 O-O 13. h3 Rc8 14. a5 d5 15. exd5
Nxd5 16. Nxd5 Bxd5 17. Bxd5 Bc5 18. Qd2 Bxe3 19. Qxe3 Qxd5 20. c3 Qb3 21. Qe2
Rfd8 22. Ra3 Qd5 23. Qe3 Rc6 24. Qa7 Qb5 25. Raa1 Qxb2 26. Rab1 Qxc3 27. Rxb7
f5 28. Rb6 Rdd6 29. Qxa6 Rxb6 30. axb6 Qb4 31. Qc8+ Kf7 32. b7 Rb6 33. Qd7+ Kf6
34. Qd8+ Kg6 35. Qe8+ Kh6 36. b8=Q Rxb8 37. Qxe6+ g6 38. Qe3+ Kg7 39. Qe5+ Kh6
40. Qe3+ Kg7 41. Re1 Rb7 42. Qe5+ Kg8 43. Qe8+ Kg7 44. Qe5+ 1/2-1/2

[Event "C.P.A. Zevio 2019"]
[Site "?"]
[Date "2019.01.27"]
[Round "4.15"]
[White "Bonavigo, Claudio"]
[Black "Fiscato, Claudio"]
[Result "1-0"]
[WhiteElo "1730"]
[BlackElo "1642"]
[PlyCount "58"]
[EventDate "2019.??.??"]

1. e4 c5 2. Nc3 e6 3. Nf3 Nc6 4. Be2 a6 5. d4 cxd4 6. Nxd4 Qc7 7. Be3 b5 8. O-O
Bb7 9. Qd2 Nf6 10. Rad1 b4 11. Na4 Nxe4 12. Qc1 Rb8 13. f3 Nf6 14. c4 bxc3 15.
Nxc3 Be7 16. Bf2 Nxd4 17. Bxd4 Bc5 18. Kh1 Bxd4 19. Rxd4 O-O 20. Qd2 d5 21. f4
Ne4 22. Nxe4 dxe4 23. b3 Rfd8 24. Bc4 Rxd4 25. Qxd4 Rd8 26. Qe3 Qd6 27. f5 e5
28. h3 Rf8 29. f6 Qd2 1-0

[Event "C.P.A. Zevio 2019"]
[Site "?"]
[Date "2019.01.27"]
[Round "4.16"]
[White "Avanzini, Angelo"]
[Black "Rossero, Tullio"]
[Result "0-1"]
[WhiteElo "1546"]
[BlackElo "1721"]
[PlyCount "72"]
[EventDate "2019.??.??"]

1. e4 d6 2. Nf3 Nf6 3. Nc3 g6 4. d4 Bg7 5. Bg5 c6 6. Bd3 O-O 7. Qd2 Bg4 8. Qf4
Bxf3 9. Qxf3 Qb6 10. O-O Qxd4 11. Rab1 Qe5 12. Bf4 Qh5 13. Be2 Qxf3 14. Bxf3
Nbd7 15. Rfd1 Rac8 16. Ne2 Rfd8 17. c3 Nc5 18. e5 dxe5 19. Bxe5 Ncd7 20. Bf4 e5
21. Bg5 h6 22. Bxf6 Nxf6 23. g3 Kf8 24. h3 Ke7 25. Kf1 h5 26. Ke1 Nd5 27. Bxd5
Rxd5 28. Rxd5 cxd5 29. f3 f5 30. Nc1 e4 31. fxe4 dxe4 32. Ne2 Be5 33. Kf2 Rd8
34. Ke1 Rd3 35. Rd1 Bxg3+ 36. Nxg3 Rxg3 0-1